000 01123nam a22002897a 4500
005 20140507111401.0
010 _aENG-104926 B-483222 B-489103-104
020 _a9780198079774
_c695.00
020 _a019807977x
_c695.00
035 _aEN-88459 B-483222 B-489103-104
035 _aB-514055-059
037 _bDBAD/PUB
037 _bVirtuous Pub/Ven
037 _bStar Pub/Ven
037 _bBSB/Ven
_adpl
082 _a303.495491
100 _aCohen, Stephen P.
245 _aThe Future of Pakistan /
_cby Stephen P. Cohen and others
260 _aNew Delhi
_bOxford University Press
_c2011
270 _aYMCA Library Building, 1 Jai Singh Road
_bNew Delhi
_e110001
300 _axv,311p.
_c25cm(Hb)
500 _aIncludes index
942 _2ddc
_cEN
_mCOH
_h303.495491
999 _c64576
_d64576